Moonsong lullaby /

As the moon moves across the sky, it observes the activities of an Indian camp and of the natural phenomena surrounding it.

Bibliographic Details
Main Author: Highwater, Jamake
Other Authors: Keegan, Marcia
Format: Book
Language:English
Published: New York : Lothrop, Lee & Shepard Books, [1981]
Edition:1st ed.
Subjects:

MARC

Tag First Indicator Second Indicator Subfields
LEADER 00000cam a22000008a 4500
001 in00000049027
005 20151007075824.0
008 810227s1981 nyua j 00011 eng
010 |a  81001909  
020 |a 068800427X 
020 |a 0688004288 (lib. bdg.) 
035 |a (OCoLC)07275329 
035 |9 AAF3865AM 
039 0 |a 2  |b 3  |c 3  |d 3  |e 3 
040 |a DLC  |c DLC  |d TXA  |d UtOrBLW 
049 |a [Curr Col] TXAM  |c [1673377] 
050 0 0 |a PZ7 H5443  |b  Mo 
082 0 |a [E]  |2 19 
100 1 |a Highwater, Jamake. 
245 1 0 |a Moonsong lullaby /  |c by Jamake Highwater ; photographs by Marcia Keegan. 
250 |a 1st ed. 
263 |a 8109 
264 1 |a New York :  |b Lothrop, Lee & Shepard Books,  |c [1981] 
264 4 |c ©1981 
300 |a 28 unnumbered pages :  |b color illustrations ;  |c 21 x 26 cm. 
336 |a text  |b txt  |2 rdacontent 
337 |a unmediated  |b n  |2 rdamedia 
338 |a volume  |b nc  |2 rdacarrier 
520 |a As the moon moves across the sky, it observes the activities of an Indian camp and of the natural phenomena surrounding it. 
650 1 |a Indians of North America  |x Fiction. 
650 1 |a Night  |x Fiction. 
700 1 |a Keegan, Marcia. 
999 |a MARS 
999 f f |s d3b2dc9f-01ae-36da-824f-460df4ea893f  |i 8c4cd97b-f389-3630-8cb6-56c53d8a32dd  |t 0 
952 f f |p ric  |a Texas A&M University  |b Rellis Campus  |c Joint Library Facility  |d Remote Storage  |t 0  |e PZ7 H5443 Mo  |h Library of Congress classification  |i unmediated -- volume  |m A14805942026 
998 f f |a PZ7 H5443 Mo  |t 0  |l Remote Storage